KOHA-Header-6

Computer Studies (Record no. 9801)

000 -LEADER
fixed length control field 00255nam a2200109Ia 4500
100 ## - MAIN ENTRY--AUTHOR NAME
Personal name Gul Shahzad Sarwar
245 #0 - TITLE STATEMENT
Title Computer Studies
260 ## - PUBLICATION, DISTRIBUTION, ETC. (IMPRINT)
Place of publication Canada
Name of publisher Pearson
Year of publication 1999
300 ## - PHYSICAL DESCRIPTION
Number of Pages 191
942 ## - ADDED ENTRY ELEMENTS (KOHA)
Koha item type Books
Holdings
Withdrawn status Lost status Collection code Permanent Location Current Location Shelving location Date acquired Full call number Accession Number Koha item type
    Computer Science MAJU MAJU   2019-09-14 505.75 5770 Computer Science

Powered by Koha